| 000 | 00484 a2200157 4500 | ||
|---|---|---|---|
| 005 | 20250312172500.0 | ||
| 020 | _a978-81-224-2835-3 | ||
| 082 | _a332 MAT | ||
| 100 | _aMATHUR, S. B. | ||
| 245 | _aWorking Capital Management and Control Principle and Applications | ||
| 250 | _a2nd Ed. | ||
| 260 |
_aNew Delhi, _bNew Age International, _c2013. |
||
| 300 |
_axxii, 514p.: ill.; table. _bIndex. _c25cm. |
||
| 856 |
_yAccess online book _fCapital _dwww.newagepublishers.com |
||
| 942 |
_2ddc _cBKS |
||
| 999 |
_c511 _d511 |
||